000 00613nam a2200193Ia 4500
008 151121s9999||||xx |||||||||||||| ||und||
082 _aबा। वि।
082 _bHNW-73389
100 _aबापट प्र। ग।
245 _aहजरथ मुहमंद
260 _b"साके त प्रकाशन, औरंगाबाद।"
260 _c--
300 _a36
600 _aबापट प्र। ग।
630 _aहजरथ मुहमंद
700 _aबापट प्र। ग।
730 _aहजरथ मुहमंद
942 _cBOOK
999 _c1254847
_d1254844